Liste des noms de Pokémon contenant un J - Statistiques

Statistiques générales
  • Ce quiz a été pris 40 fois
  • Le résultat moyen est 9 sur 17
Statistiques - réponses
Pokémon % Correct
Jirachi
86%
Munja
81%
Joliflor
76%
Majaspic
71%
Pijako
62%
Jungko
57%
Lianaja
57%
Ninjask
57%
Baojian
48%
Judokrak
43%
Chongjian
38%
Feuillajou
38%
Flamajou
38%
Flotajou
38%
Pachyradjah
33%
Dunaja
29%
Mime Jr.
19%
Aucun quiz correspondant
Distribution des résultats
% des personnes avec chaque résultat
Percentile par nombre de réponses
Votre historique - résultats
Vous n’avez pas pris ce quiz